[Event "It (open)"]
[Site "masterchessopen.com Cappelle la Grande (France)"]
[Round "2"]
[White "Lecluyse Dominique (BEL)"]
[Black "Garrigues Gilles (FRA)"]
[Result "1-0"]
[WhiteElo "2215"]
[BlackElo "2093"]

1.d4 Nf6 2.c4 e6 3.Nc3 Bb4 4.e3 c5 5.Bd3 Nc6 6.Nf3 d6 7.O-O O-O 8.Qc2 h6 9.Ne2
Ba5 10.a3 Re8 11.Ng3 e5 12.d5 Ne7 13.Nh4 b5 14.b3 Rb8 15.Bb2 bxc4 16.bxc4 Ba6
17.Rab1 Bb6 18.Kh1 Bc8 19.f4 Ng4 20.fxe5 dxe5 21.Bh7+ Kf8 22.Qg6 f6 23.Qe4 g5
24.Ng6+ Kg7 25.Nh5+ Kxh7 26.Nf8+ {#r} 1-0

[Event "It (open)"]
[Site "masterchessopen.com Cappelle la Grande (France)"]
[Round "2"]
[White "Sadler Matthew (ENG)"]
[Black "Grant Jonathan (SCO)"]
[Result "1-0"]
[WhiteElo "2535"]
[BlackElo "2209"]

1.d4 Nf6 2.c4 e6 3.Nc3 Bb4 4.e3 c5 5.Bd3 Nc6 6.Ne2 d5 7.cxd5 Qxd5 8.O-O Qh5
9.Nb5 O-O 10.a3 Ba5 11.dxc5 Qxc5 12.b4 Qe5 13.Qc2 Bb6 14.Bb2 Qg5 15.Nd6 a5
16.b5 Ne7 17.Rad1 Ned5 18.e4 Nf4 19.Nxf4 Qxf4 20.e5 Ng4 21.g3 Qh6 22.h4 g5
23.Qc4 Nxf2 24.Rxf2 Bxf2+ 25.Kxf2 gxh4 26.gxh4 f5 27.exf6 Rxf6+ 28.Bxf6 Qxf6+
29.Ke3 Qe5+ 30.Qe4 Qxd6 31.Qxh7+ Kf8 32.Rf1+ {#r} 1-0

[Event "Tournament"]
[Site "masterchessopen.com Cologne (Germany)"]
[Round "0"]
[White "Engels Marco (GER)"]
[Black "Deppe Arne"]
[Result "0-1"]
[WhiteElo "2131"]
[BlackElo "2120"]

1.d4 Nf6 2.c4 e6 3.Nc3 Bb4 4.e3 c5 5.Bd3 Nc6 6.Ne2 cxd4 7.exd4 d5 8.cxd5 exd5
9.O-O O-O 10.Bc2 Re8 11.a3 Be7 12.Qd3 g6 13.Ng3 Qb6 14.Rd1 Bg4 15.Na4 Qc7
16.f3 Be6 17.Be3 b5 18.Nc3 b4 19.Nce2 bxa3 20.bxa3 Na5 21.Bb3 Nc4 22.Bxc4 dxc4
23.Qd2 Nd5 24.Ne4 f5 25.N4c3 Rab8 26.Nf4 Nxc3 27.Nxe6 Qc8 28.d5 Bf6 29.Bd4
Bxd4+ 30.Qxd4 Ne2+ {#R} 0-1

[Event "It (open)"]
[Site "masterchessopen.com Cuxhaven (Germany)"]
[Round "1"]
[White "Wiese-Jozwiak Malgorzata (POL)"]
[Black "Dobosz Henryk (POL)"]
[Result "0-1"]
[WhiteElo "2205"]
[BlackElo "2409"]

1.d4 Nf6 2.c4 e6 3.Nc3 Bb4 4.e3 c5 5.Bd3 Nc6 6.Nf3 Bxc3+ 7.bxc3 d6 8.O-O e5
9.d5 Ne7 10.Ng5 O-O 11.f4 exf4 12.exf4 Bf5 13.Re1 h6 14.Nf3 Bxd3 15.Qxd3 Qd7
16.Nh4 Rae8 17.f5 Nc8 18.Bf4 Qa4 19.h3 b5 20.Qf3 Qxc4 21.Rxe8 Rxe8 22.Rd1 Nb6
23.g4 Nbxd5 24.Bxd6 Nxc3 {#R} 0-1

[Event "It (open)"]
[Site "masterchessopen.com Gausdal (Norway)"]
[Round "0"]
[White "Bjerke Richard (NOR)"]
[Black "Kjeld Matthias (ISL)"]
[Result "1-0"]
[WhiteElo "2135"]
[BlackElo "2132"]

1.d4 Nf6 2.c4 e6 3.Nc3 Bb4 4.e3 c5 5.Bd3 Nc6 6.Ne2 Bxc3+ 7.bxc3 d6 8.O-O e5
9.Ng3 O-O 10.Kh1 Nd7 11.f4 g6 12.f5 Kg7 13.Ne4 f6 14.Nxd6 Qe7 15.Nb5 Rh8
16.Nc7 Rb8 17.Ne6+ Kf7 18.d5 Na5 19.fxg6+ hxg6 20.Bxg6+ Kxg6 21.Qg4+ Kf7
22.Qg7+ {#r} 1-0

[Event "Ch Hungary (team) 1992/93"]
[Site "masterchessopen.com Hungary"]
[Round "0"]
[White "Portisch Ferenc (HUN)"]
[Black "Sziraki Tamas (HUN)"]
[Result "1-0"]
[WhiteElo "2342"]
[BlackElo "2299"]

1.d4 Nf6 2.c4 e6 3.Nc3 Bb4 4.e3 c5 5.Bd3 Nc6 6.Ne2 cxd4 7.exd4 d5 8.c5 O-O
9.O-O e5 10.a3 Ba5 11.dxe5 Nxe5 12.Bg5 Be6 13.f4 Neg4 14.Rf3 h6 15.Bh4 Bxc3
16.Nxc3 Qc7 17.b4 d4 18.Nb5 Qd7 19.f5 Bd5 20.Rg3 h5 21.h3 Ne4 22.hxg4 Nxg3
23.Bxg3 Rfe8 24.Nc7 h4 25.Bd6 Bxg2 26.Kxg2 Re3 27.Bb5 Qd8 28.Qxd4 Rb3 29.Nxa8
h3+ 30.Kh2 Qh4 31.Nc7 {#r} 1-0

[Event "It (open)"]
[Site "masterchessopen.com Leeuwarden (Netherlands)"]
[Round "8"]
[White "Pliester Leon (NED)"]
[Black "Van Der Wiel John T H (NED)"]
[Result "0-1"]
[WhiteElo "2420"]
[BlackElo "2565"]

1.d4 Nf6 2.c4 e6 3.Nc3 Bb4 4.e3 c5 5.Bd3 Nc6 6.Nf3 Bxc3+ 7.bxc3 d6 8.O-O e5
9.Qc2 O-O 10.Ng5 h6 11.Nh7 Nxh7 12.Bxh7+ Kh8 13.Be4 exd4 14.cxd4 cxd4 15.Bb2
dxe3 16.Qc3 f6 17.Qxe3 Qb6 18.Qd2 Be6 19.Rab1 Qc7 20.Rfc1 Rad8 21.Qf4 Ne5
22.Qg3 b6 23.Bd4 Qd7 24.Rb5 Bxc4 25.Rxc4 Qxb5 26.Rc7 Rd7 27.Rxd7 Qxd7 28.f4
Qg4 29.Qxg4 Nxg4 30.Bf5 h5 {#R} 0-1

[Event "It (open) \"]
[Site "masterchessopen.com Pardubice (Czech Republic)"]
[Round "8"]
[White "Michenka Jozef (CZE)"]
[Black "Menacher Manfred (GER)"]
[Result "1-0"]
[WhiteElo "2346"]
[BlackElo "2307"]

1.d4 Nf6 2.c4 e6 3.Nc3 Bb4 4.e3 c5 5.Bd3 Nc6 6.Nf3 Bxc3+ 7.bxc3 d6 8.e4 e5
9.d5 Ne7 10.Nh4 h6 11.f4 exf4 12.Bxf4 g5 13.e5 Ng4 14.e6 Nf6 15.O-O fxe6
16.Ng6 Nxg6 17.Bxg6+ Ke7 18.Bg3 Rg8 19.Qd3 e5 20.Rxf6 {#r} 1-0

[Event "It (open)"]
[Site "masterchessopen.com Stockholm (Sweden)"]
[Round "0"]
[White "Sjoberg Mats (SWE)"]
[Black "Ornstein Axel (SWE)"]
[Result "1-0"]
[WhiteElo "2475"]
[BlackElo "2440"]

1.d4 Nf6 2.c4 e6 3.Nc3 Bb4 4.e3 c5 5.Bd3 Nc6 6.Nf3 Bxc3+ 7.bxc3 d6 8.O-O O-O
9.Ng5 h6 10.f4 hxg5 11.fxg5 Ne8 12.Qh5 g6 13.Qh6 e5 14.Bxg6 {#r} 1-0

[Event "It (open)"]
[Site "masterchessopen.com Badalona (Spain)"]
[Round "2"]
[White "Figueroa Samuel (CHI)"]
[Black "Korneev Oleg (RUS)"]
[Result "0-1"]
[WhiteElo "2152"]
[BlackElo "2505"]

1.d4 Nf6 2.c4 e6 3.Nc3 Bb4 4.e3 c5 5.Bd3 Nc6 6.Ne2 cxd4 7.exd4 d5 8.a3 dxc4
9.Bxc4 Bxc3+ 10.bxc3 h6 11.O-O O-O 12.Qd3 b6 13.a4 Bb7 14.Ng3 Rc8 15.Ba3 Ne7
16.f3 Qc7 17.Rac1 Qxc4 18.Qxc4 Rxc4 19.Bxe7 Rfc8 20.Bxf6 gxf6 21.Ne4 Bxe4
22.fxe4 Rxc3 23.Rxc3 Rxc3 24.Rd1 Kf8 25.d5 Ke7 26.d6+ Kd7 27.Kf2 Rc4 28.Ke3
Rxa4 29.Rd2 b5 30.Kf4 Ra6 31.e5 Ra4+ {#R} 0-1

[Event "It (open)"]
[Site "masterchessopen.com Balatonbereny (Hungary)"]
[Round "5"]
[White "Domotor Jozsef (HUN)"]
[Black "White Mark (ENG)"]
[Result "1-0"]
[WhiteElo "1974"]
[BlackElo "2102"]

1.d4 Nf6 2.c4 e6 3.Nc3 Bb4 4.e3 c5 5.Bd3 Nc6 6.Ne2 d5 7.a3 cxd4 8.exd4 Be7
9.cxd5 Nxd5 10.O-O Bd7 11.Be4 Nf6 12.Bf3 Qb6 13.Na4 Qc7 14.Be3 Rd8 15.Qc2 Bd6
16.g3 Nxd4 17.Nxd4 Qxc2 18.Nxc2 Bxa4 19.Nb4 b6 20.Rac1 Bxb4 21.axb4 O-O 22.Rc7
Nd5 23.Bxd5 exd5 24.Rxa7 b5 25.Rc1 d4 26.Bg5 d3 27.Bxd8 Rxd8 28.Rd7 Re8
29.Rxd3 g6 30.b3 {#r} 1-0

[Event "It (open)"]
[Site "masterchessopen.com Chicago (USA)"]
[Round "5"]
[White "Formanek Edward W (USA)"]
[Black "Chow Albert (USA)"]
[Result "1-0"]
[WhiteElo "2320"]
[BlackElo "2310"]

1.d4 Nf6 2.c4 e6 3.Nc3 Bb4 4.e3 c5 5.Bd3 Nc6 6.Nf3 Bxc3+ 7.bxc3 d6 8.e4 e5
9.O-O cxd4 10.cxd4 Bg4 11.d5 Nd4 12.Kh1 O-O 13.Be3 Nxf3 14.gxf3 Bh3 15.Rg1 Nh5
16.c5 f5 17.Rg5 g6 18.exf5 Bxf5 19.Bxf5 Rxf5 20.Rxf5 gxf5 21.f4 Qh4 22.c6 b6
23.Qf3 Nxf4 24.Bxf4 exf4 25.Re1 Kf7 26.Qe2 Qf6 27.Qe6+ Qxe6 28.Rxe6 Rd8 29.Kg2
Rg8+ 30.Kf3 Rg6 31.Rxg6 hxg6 32.c7 {#r} 1-0

[Event "Bayern Oberliga"]
[Site "masterchessopen.com Germany"]
[Round "4"]
[White "Frieser Klaus (GER)"]
[Black "Kaiser Wolfgang (GER)"]
[Result "0-1"]
[WhiteElo "2151"]
[BlackElo "2294"]

1.d4 Nf6 2.c4 e6 3.Nc3 Bb4 4.e3 c5 5.Bd3 Nc6 6.Nf3 Bxc3+ 7.bxc3 d6 8.O-O e5
9.Ng5 O-O 10.f4 exd4 11.cxd4 cxd4 12.exd4 h6 13.d5 Ne7 14.Nf3 Bg4 15.Bb2 Ng6
16.Qd2 Bxf3 17.Rxf3 Re8 18.Rg3 Nh5 19.Rxg6 fxg6 20.Bxg6 Qh4 21.Bxe8 Rxe8
22.Rf1 Re4 23.g3 Qg4 24.Qd1 Re2 25.Rf2 Nxg3 26.h3 Qxh3 27.Rxe2 Qh1+ 28.Kf2
Qxd1 {#R} 0-1

[Event "Bundesliga (2nd) South 1993/94"]
[Site "masterchessopen.com Germany"]
[Round "0"]
[White "Fahnenschmidt Gerhard Dr (GER)"]
[Black "Mueller Olaf (GER)"]
[Result "1-0"]
[WhiteElo "2395"]
[BlackElo "2293"]

1.d4 Nf6 2.c4 e6 3.Nc3 Bb4 4.e3 c5 5.Bd3 Nc6 6.Ne2 d5 7.O-O O-O 8.a3 cxd4
9.exd4 dxc4 10.Bxc4 Bd6 11.Qd3 b6 12.Bb3 Bb7 13.Bc2 Ne7 14.Bg5 Nf5 15.Qh3 h6
16.Be3 Qd7 17.Rad1 Rad8 18.Bc1 Nd5 19.Nxd5 Bxd5 20.Nc3 Bc4 21.Rfe1 Ne7 22.Ne4
f5 23.Ng3 Nd5 24.Nh5 a5 25.Qf3 Rfe8 26.g4 Qf7 27.gxf5 exf5 28.b3 Ba6 29.Bxf5
g6 30.Rxe8+ Rxe8 31.Qxd5 gxf5 32.Nf6+ {#r} 1-0

[Event "It (cat.4)"]
[Site "masterchessopen.com Marbach (Germany)"]
[Round "0"]
[White "Parulava Temur (GER)"]
[Black "Kveinys Aloyzas (LTU)"]
[Result "0-1"]
[WhiteElo "2287"]
[BlackElo "2510"]

1.d4 Nf6 2.c4 e6 3.Nc3 Bb4 4.e3 c5 5.Bd3 Nc6 6.Nf3 Bxc3+ 7.bxc3 d6 8.Qc2 e5
9.d5 Ne7 10.O-O O-O 11.Ne1 Bd7 12.g3 Qa5 13.e4 Ba4 14.Qb2 Nd7 15.Qa3 a6 16.Bc2
b5 17.Bxa4 bxa4 18.Ng2 Nb6 19.Ne3 f5 20.f4 exf4 21.gxf4 fxe4 22.f5 Nxf5
23.Rxf5 Rxf5 24.Nxf5 Nxc4 25.Ne7+ Kh8 {#R} 0-1

[Event "It (open)"]
[Site "masterchessopen.com Mondariz (Spain)"]
[Round "0"]
[White "Bernal Moro Luis Javier (ESP)"]
[Black "Suarez Pousa Diego (ESP)"]
[Result "1-0"]
[WhiteElo "2390"]
[BlackElo "2467"]

1.d4 Nf6 2.c4 e6 3.Nc3 Bb4 4.e3 c5 5.Bd3 Nc6 6.Nf3 d6 7.O-O Bxc3 8.bxc3 e5
9.Nd2 O-O 10.Ne4 Nxe4 11.Bxe4 Qe7 12.Bd5 Be6 13.dxc5 dxc5 14.e4 Na5 15.Qe2
Rad8 16.Rd1 Bc8 17.Qh5 Kh8 18.f4 f5 19.exf5 Bxf5 20.fxe5 Qxe5 21.Bd2 Nxc4
22.Bxc4 Rxd2 23.Rxd2 Qe3+ 24.Rf2 Be6 25.Qe2 Qxf2+ 26.Qxf2 Rxf2 27.Bxe6 {#r}
1-0

[Event "Ch Netherlands (team)"]
[Site "masterchessopen.com Netherlands"]
[Round "8"]
[White "Cardon Helmut (NED)"]
[Black "Hoogendoorn Joost (NED)"]
[Result "0-1"]
[WhiteElo "2380"]
[BlackElo "2412"]

1.d4 Nf6 2.c4 e6 3.Nc3 Bb4 4.e3 c5 5.Bd3 cxd4 6.exd4 d5 7.cxd5 Nxd5 8.Ne2 Bd7
9.O-O Bc6 10.a3 Be7 11.Qc2 Nd7 12.Bxh7 Bd6 13.g3 N7f6 14.Be4 Nxe4 15.Nxe4 Be7
16.Bd2 Nf6 17.Nxf6+ Bxf6 18.Bc3 Qd5 19.f3 g5 20.Qe4 Qb5 21.Qe3 Qd5 22.Qe4 Qb5
23.Qe3 Qd5 24.Rad1 O-O-O 25.Rd2 Rh6 26.Bb4 a5 27.Nc3 Qxd4 {#R} 0-1

[Event "Ch World (juniors) (under 16)"]
[Site "masterchessopen.com Szeged (Hungary)"]
[Round "0"]
[White "Shishkov Andrei (EST)"]
[Black "Ooi Chern Ee (MAS)"]
[Result "0-1"]
[WhiteElo "2380"]
[BlackElo "2349"]

1.d4 Nf6 2.c4 e6 3.Nc3 Bb4 4.e3 c5 5.Bd3 Nc6 6.Ne2 d5 7.cxd5 cxd4 8.exd4 exd5
9.O-O h6 10.a3 Bd6 11.Bc2 Bg4 12.f3 Be6 13.Nf4 O-O 14.Qd3 Re8 15.Bd2 Rc8
16.Kh1 Bf5 17.Qxf5 Nxd4 18.Qd3 Nxc2 19.Rac1 d4 20.Nce2 Bxf4 21.Bxf4 Ne3
22.Rxc8 Qxc8 23.Rc1 Qf5 24.Qd2 Nfd5 25.Bg3 d3 26.Nc3 Nc4 27.Qf2 d2 28.Rg1 Nxc3
29.bxc3 Qc2 30.Bf4 d1=Q {#R} 0-1

[Event "Ch Slovakia"]
[Site "masterchessopen.com Topolcianky (Slovakia)"]
[Round "9"]
[White "Timoshenko Georgy (UKR)"]
[Black "Lipka Juraj (SVK)"]
[Result "1-0"]
[WhiteElo "2550"]
[BlackElo "2375"]

1.d4 Nf6 2.c4 e6 3.Nc3 Bb4 4.e3 c5 5.Bd3 Nc6 6.Ne2 d5 7.cxd5 Nxd5 8.O-O cxd4
9.exd4 O-O 10.a3 Be7 11.Bc2 Nf6 12.Qd3 b6 13.Rd1 Bb7 14.Qh3 g6 15.b4 Rc8
16.Bb3 Nb8 17.Bh6 Re8 18.Nf4 Qd7 19.Rac1 Bd8 20.Nd3 Ne4 21.Ba4 Nxc3 22.Bxd7
Nxd7 23.Re1 Nf6 24.Ne5 Nfd5 25.Qd3 f6 {#r} 1-0

[Event "It (open)"]
[Site "masterchessopen.com Vantaa (Finland)"]
[Round "1"]
[White "Norri Joose (FIN)"]
[Black "Haapasalo Jukka-Pekka (FIN)"]
[Result "0-1"]
[WhiteElo "2375"]
[BlackElo "2084"]

1.d4 Nf6 2.c4 e6 3.Nc3 Bb4 4.e3 c5 5.Bd3 Nc6 6.Nf3 Bxc3+ 7.bxc3 d6 8.e4 e5
9.d5 Ne7 10.Nh4 h6 11.f4 Ng6 12.Nxg6 fxg6 13.O-O O-O 14.f5 b5 15.cxb5 c4
16.Bc2 Qb6+ 17.Kh1 gxf5 18.exf5 Qxb5 19.Ba3 Qa6 20.Bb4 Bb7 21.Rb1 Bxd5 22.Qe2
Qc6 23.Rfd1 a5 24.Ba3 Rad8 25.Qf2 Ng4 26.Qg3 Be4 27.Bxe4 Qxe4 28.h3 Ne3 29.Re1
Nxf5 30.Qg6 Qd3 {#R} 0-1

[Event "It (open)"]
[Site "masterchessopen.com Wattens (Austria)"]
[Round "5"]
[White "Spiegel Wilfried (AUT)"]
[Black "Mednis Edmar J (USA)"]
[Result "0-1"]
[WhiteElo "2044"]
[BlackElo "2435"]

1.d4 Nf6 2.c4 e6 3.Nc3 Bb4 4.e3 c5 5.Bd3 Nc6 6.Nf3 Bxc3+ 7.bxc3 d6 8.O-O e5
9.Nd2 O-O 10.d5 Ne7 11.Qc2 Ng6 12.f4 exf4 13.exf4 Re8 14.h3 Nh5 15.Ne4 Bf5
16.Kh2 Qh4 17.Nf6+ gxf6 18.Bxf5 Qg3+ 19.Kg1 Re1 20.Qf2 Qxf2+ 21.Kxf2 Rxf1+
22.Kxf1 Ng3+ {#R} 0-1

[Event "Cup Bodensee"]
[Site "masterchessopen.com Baden (Germany)"]
[Round "0"]
[White "Parulava Temur (GER)"]
[Black "Bender Stephan (GER)"]
[Result "1-0"]
[WhiteElo "2287"]
[BlackElo "2265"]

1.d4 Nf6 2.c4 e6 3.Nc3 Bb4 4.e3 c5 5.Bd3 Nc6 6.Nf3 Bxc3+ 7.bxc3 d6 8.Qc2 e5
9.O-O O-O 10.d5 Ne7 11.Ne1 Bd7 12.f4 exf4 13.exf4 g6 14.f5 Nxf5 15.Bxf5 Bxf5
16.Rxf5 gxf5 17.Bg5 h6 18.Bxh6 Ne4 19.Bxf8 Qxf8 20.Nf3 Qh6 21.Re1 Kf8 22.Qc1
Qxc1 23.Rxc1 Re8 24.Rc2 Kg7 25.g3 Kf6 26.Kg2 Rg8 27.Nh4 Ke5 28.Kf3 Rg4 29.Ke3
Ng5 30.Rf2 Re4+ 31.Kd3 f4 32.Ng2 fxg3 33.hxg3 Rg4 34.Ne3 {#r} 1-0

[Event "It (cat.15)"]
[Site "masterchessopen.com Biel (Switzerland)"]
[Round "4"]
[White "Timman Jan H (NED)"]
[Black "Adianto Utut (INA)"]
[Result "0-1"]
[WhiteElo "2590"]
[BlackElo "2590"]

1.d4 Nf6 2.c4 e6 3.Nc3 Bb4 4.e3 c5 5.Bd3 Nc6 6.Ne2 d5 7.cxd5 exd5 8.a3 cxd4
9.exd4 Be7 10.O-O O-O 11.f3 Ne8 12.Be3 Nc7 13.Rc1 Re8 14.Na4 Bxa3 15.Bxh7+
Kxh7 16.Qd3+ g6 17.Qxa3 Qe7 18.Kf2 Qh4+ 19.Kg1 Nb5 20.Qd3 Qe7 21.Nec3 Bf5
22.Qxb5 Qxe3+ 23.Kh1 Bd3 24.Qxb7 Bxf1 25.Qxf7+ Kh6 26.Rxf1 Qxd4 27.h3 Rad8
28.Rd1 Qh4 29.Qb7 Ne5 30.Qxa7 Nxf3 31.gxf3 Qxh3+ 32.Kg1 Qg3+ 33.Kf1 d4 34.Ne4
Rxe4 {#R} 0-1

[Event "It (open) \"]
[Site "masterchessopen.com Bratislava (Slovakia)"]
[Round "0"]
[White "Hudec Jan (SVK)"]
[Black "Petrik Tomas (SVK)"]
[Result "1-0"]
[WhiteElo "2009"]
[BlackElo "2145"]

1.d4 Nf6 2.c4 e6 3.Nc3 Bb4 4.e3 c5 5.Bd3 Nc6 6.Nf3 Bxc3+ 7.bxc3 d6 8.Qc2 O-O
9.O-O e5 10.d5 Ne7 11.Ne1 g6 12.e4 Ne8 13.Bh6 Ng7 14.f4 f6 15.fxe5 fxe5 16.Nf3
Bd7 17.Qf2 b6 18.Qg3 Nc8 19.Nxe5 dxe5 20.Qxe5 Rxf1+ 21.Rxf1 Qe7 22.Qf4 a5
23.g4 Ra7 24.e5 Ba4 25.Be4 Qe8 26.e6 Re7 27.Qb8 Ra7 28.Qe5 Qd8 29.Rf7 {#r} 1-0

[Event "It"]
[Site "masterchessopen.com Copenhagen (Denmark)"]
[Round "2"]
[White "Bekker-Jensen David (DEN)"]
[Black "Rej Dennis (DEN)"]
[Result "0-1"]
[WhiteElo "2200"]
[BlackElo "2255"]

1.d4 Nf6 2.c4 e6 3.Nc3 Bb4 4.e3 c5 5.Bd3 d5 6.cxd5 Qxd5 7.Nf3 cxd4 8.exd4 Nc6
9.O-O Qa5 10.Ne4 Be7 11.a3 h6 12.b4 Qb6 13.Bc2 a5 14.Rb1 axb4 15.axb4 Nd5
16.Ne5 Qxd4 17.Qxd4 Nxd4 18.Bd3 Nxb4 19.Be3 Ndc6 20.Bb5 O-O 21.Nc4 Rd8 22.Rfd1
Nd5 23.Nb6 Nxb6 24.Bxb6 Rd5 25.Nc3 Rxd1+ 26.Rxd1 Ra3 27.Na4 Rb3 28.Bf1 e5
29.Be3 Nd4 30.Bc4 Rb4 31.Nb6 Rxb6 {#R} 0-1

[Event "Bayern Landesliga South 1994/95"]
[Site "masterchessopen.com Germany"]
[Round "0"]
[White "Tuchenhagen Axel (GER)"]
[Black "Ploehn Heiko"]
[Result "1-0"]
[WhiteElo "2145"]
[BlackElo "2155"]

1.d4 Nf6 2.c4 e6 3.Nc3 Bb4 4.e3 c5 5.Bd3 Nc6 6.Nf3 Bxc3+ 7.bxc3 d6 8.e4 e5
9.d5 Ne7 10.Nh4 h6 11.g3 Qa5 12.Bd2 g5 13.Ng2 Bd7 14.h4 O-O-O 15.Ne3 Rde8
16.h5 Rhf8 17.g4 Kc7 18.f3 Nfg8 19.Kf2 Nc8 20.Qb3 Nb6 21.Rhb1 Ne7 22.Qc2 Rb8
23.Rb3 Na4 24.Rab1 a6 25.Ra3 b5 26.Rab3 Rb6 27.a3 Rfb8 28.cxb5 axb5 29.c4 Qa6
30.cxb5 Bxb5 31.Bxb5 Rxb5 32.Nc4 f6 33.Ba5+ Kd7 34.Rxb5 {#r} 1-0

[Event "Bundesliga 1994/95"]
[Site "masterchessopen.com Germany"]
[Round "3"]
[White "Knaak Rainer (GER)"]
[Black "Horvath Tamas I (HUN)"]
[Result "1-0"]
[WhiteElo "2540"]
[BlackElo "2318"]

1.d4 Nf6 2.c4 e6 3.Nc3 Bb4 4.e3 c5 5.Bd3 Nc6 6.Ne2 cxd4 7.exd4 d5 8.cxd5 Nxd5
9.a3 Bd6 10.Bc2 Nce7 11.Ne4 O-O 12.h4 e5 13.Qd3 Bc7 14.Nd6 f5 15.dxe5 Bxd6
16.exd6 Qxd6 17.b4 Qf6 18.Rb1 Be6 19.Bb2 Qf7 20.Nd4 Rac8 21.O-O Nf4 22.Qf3
Rxc2 23.Nxc2 Neg6 24.Ne3 Nd5 25.h5 Nge7 26.Nc4 Nf6 27.Nd6 Qxh5 28.Qxh5 Nxh5
29.Rfe1 Nf4 30.Rxe6 {#r} 1-0

[Event "Bundesliga 1995/96 (w)"]
[Site "masterchessopen.com Germany"]
[Round "0"]
[White "Grabuzova Tatiana (RUS)"]
[Black "Ankerst Milka (SLO)"]
[Result "1-0"]
[WhiteElo "2195"]
[BlackElo "2095"]

1.d4 Nf6 2.c4 e6 3.Nc3 Bb4 4.e3 c5 5.Bd3 Nc6 6.Ne2 O-O 7.O-O d5 8.a3 Bxc3
9.bxc3 b6 10.cxd5 exd5 11.f3 Re8 12.Ng3 c4 13.Bc2 b5 14.e4 h6 15.e5 Nh7 16.f4
a5 17.f5 f6 18.e6 Rb8 19.Nh5 Re7 20.Qg4 Kh8 21.Nf4 Ra7 22.Ng6+ Kg8 23.Bxh6 b4
24.axb4 axb4 25.Rxa7 Nxa7 26.Ba4 Nb5 27.Ne5 Rb7 28.Nc6 Qe8 29.Bxb5 Ng5 30.Nxb4
Rxb5 31.Bxg5 fxg5 32.Qxg5 Qf8 33.e7 Qf7 34.f6 {#r} 1-0

[Event "Oberliga Northwest 1995/96"]
[Site "masterchessopen.com Germany"]
[Round "0"]
[White "Hoerstmann Martin (GER)"]
[Black "Buchenau Frank (GER)"]
[Result "0-1"]
[WhiteElo "2315"]
[BlackElo "2261"]

1.d4 e6 2.c4 Nf6 3.Nc3 Bb4 4.e3 c5 5.Bd3 Nc6 6.Ne2 d5 7.cxd5 Nxd5 8.a3 cxd4
9.exd4 Bd6 10.Bc2 O-O 11.Qd3 g6 12.h4 Nxc3 13.bxc3 e5 14.Qd2 exd4 15.h5 Qf6
16.cxd4 Re8 17.hxg6 hxg6 18.Qh6 Rxe2+ 19.Kxe2 Nxd4+ 20.Kf1 Nxc2 21.Qh7+ Kf8
22.Bh6+ Ke7 23.Bg7 Qf5 24.g4 Qf3 25.Qh4+ Kd7 {#R} 0-1

[Event "It (open)"]
[Site "masterchessopen.com Graz (Austria)"]
[Round "5"]
[White "Freitag Manfred (AUT)"]
[Black "Spindelboeck Gernot (AUT)"]
[Result "1-0"]
[WhiteElo "2295"]
[BlackElo "2235"]

1.d4 Nf6 2.c4 e6 3.Nc3 Bb4 4.e3 c5 5.Bd3 Nc6 6.Nf3 Bxc3+ 7.bxc3 d6 8.O-O e5
9.Nd2 O-O 10.Rb1 Qc7 11.h3 b6 12.f4 exd4 13.cxd4 Nb4 14.Rxb4 cxb4 15.e4 Bb7
16.e5 Ne8 17.Bb2 d5 18.Qh5 g6 19.Qh6 f5 20.exf6 Nxf6 21.f5 Qg7 22.Qh4 Rae8
23.fxg6 hxg6 24.cxd5 g5 25.Qg3 Bxd5 26.Rf5 g4 27.Qh4 Kf7 28.Rg5 Qh8 29.Qf2 Rd8
30.Nc4 gxh3 31.Ne5+ Ke6 32.Ng6 Qh6 33.Qe3+ Ne4 34.Re5+ {#r} 1-0

[Event "Ch World (juniors) (under 16)"]
[Site "masterchessopen.com Guarapuava (Brazil)"]
[Round "2"]
[White "Mastrovasilis Athanasios (GRE)"]
[Black "Parligras Mircea (ROM)"]
[Result "1-0"]
[WhiteElo "2210"]
[BlackElo "2290"]

1.d4 Nf6 2.c4 e6 3.Nc3 Bb4 4.e3 c5 5.Bd3 Nc6 6.Nf3 Bxc3+ 7.bxc3 d6 8.e4 e5
9.d5 Ne7 10.Rb1 h6 11.Nh4 g5 12.Qf3 Nfg8 13.Nf5 Nxf5 14.exf5 Nf6 15.Rb2 Kd7
16.O-O Kc7 17.Re1 Qd7 18.Rbe2 Qa4 19.h4 gxh4 20.Qh3 Nd7 21.Qxh4 f6 22.f4 b6
23.fxe5 dxe5 24.d6+ Kxd6 25.Bc2 Qa6 26.Bf4 Kc7 27.Rxe5 fxe5 28.Rxe5 Nxe5
29.Qe7+ {#r} 1-0

[Event "It (open)"]
[Site "masterchessopen.com Helsinki (Finland)"]
[Round "0"]
[White "Maki-Uuro Miikka (FIN)"]
[Black "Rytshagov Mikhail (EST)"]
[Result "0-1"]
[WhiteElo "2280"]
[BlackElo "2475"]

1.d4 Nf6 2.c4 e6 3.Nc3 Bb4 4.e3 c5 5.Bd3 Nc6 6.Nf3 Bxc3+ 7.bxc3 d6 8.d5 exd5
9.cxd5 Nxd5 10.c4 Nf6 11.Bb2 O-O 12.O-O Bg4 13.Qb1 h6 14.Bc3 Qe7 15.Qb2 Ne8
16.Nd2 Ne5 17.Bc2 Be2 18.Rfe1 Nxc4 19.Qc1 Nxd2 20.Qxd2 Bc4 21.e4 f6 22.Qf4 Be6
23.a4 Nc7 24.Rad1 Rad8 25.Re3 Kh8 26.Rg3 Bg8 27.Rdd3 Bh7 28.Rde3 Ne6 29.Qf3
Nd4 30.Qd1 Nxc2 31.Qxc2 d5 {#R} 0-1

[Event "It (open)"]
[Site "masterchessopen.com Isle of Man (Great Britain)"]
[Round "8"]
[White "Buckley Graeme (ENG)"]
[Black "Anderton David W (ENG)"]
[Result "1-0"]
[WhiteElo "2355"]
[BlackElo "2215"]

1.d4 Nf6 2.c4 e6 3.Nc3 Bb4 4.e3 c5 5.Bd3 Nc6 6.Ne2 d5 7.cxd5 Nxd5 8.O-O cxd4
9.exd4 O-O 10.Bc2 Re8 11.Qd3 g6 12.Rd1 Bf8 13.Qg3 b6 14.Bg5 Be7 15.Ne4 Bxg5
16.Nxg5 Qf6 17.Ba4 Bd7 18.Rac1 Nb8 19.Bb3 Nc6 20.Rd3 Nce7 21.Qh4 Qg7 22.Rh3
Nf6 23.Ng3 Rec8 24.Re1 h5 25.N5e4 Nh7 26.Nd6 Nf5 27.Ngxf5 exf5 28.Nxc8 Bxc8
29.Rc3 {#r} 1-0

[Event "Ch Italy (team)"]
[Site "masterchessopen.com Italy"]
[Round "0"]
[White "Marinelli Tullio (ITA)"]
[Black "Vallifuoco Giacomo (ITA)"]
[Result "0-1"]
[WhiteElo "2440"]
[BlackElo "2395"]

1.d4 Nf6 2.c4 e6 3.Nc3 Bb4 4.e3 c5 5.Bd3 Nc6 6.Nf3 Bxc3+ 7.bxc3 d6 8.O-O e5
9.Nd2 O-O 10.d5 Ne7 11.Qc2 Ng6 12.f3 Ne8 13.Rf2 f5 14.Nf1 Ne7 15.h3 Nf6 16.f4
Kh8 17.Bd2 e4 18.Be2 Rg8 19.Nh2 g5 20.fxg5 Rxg5 21.g4 fxg4 22.Rxf6 gxh3+
23.Kh1 Nf5 24.Rxf5 Bxf5 25.Rf1 Qe7 26.Qd1 Rag8 27.Rxf5 Rxf5 28.Bg4 Rf2 29.Be1
Rg2 {#R} 0-1

[Event "Izt (w)"]
[Site "masterchessopen.com Kishinev (Moldova)"]
[Round "9"]
[White "Matveeva Svetlana (RUS)"]
[Black "Skripchenko Almira (FRA)"]
[Result "1-0"]
[WhiteElo "2440"]
[BlackElo "2400"]

1.d4 Nf6 2.c4 e6 3.Nc3 Bb4 4.e3 c5 5.Bd3 Nc6 6.Ne2 cxd4 7.exd4 d5 8.cxd5 Nxd5
9.O-O O-O 10.Be4 Re8 11.Qd3 h6 12.Qf3 Nce7 13.Nf4 Nxc3 14.bxc3 Ba5 15.Rb1 Qc7
16.Bd2 Nc6 17.Nh5 Kf8 18.Nxg7 Kxg7 19.Bxh6+ {#r} 1-0